A Hotelstars Union hatása a ROOMbach Hotel Budapest Center példáján keresztül
| Szerző: | |
|---|---|
| További közreműködők: | |
| Dokumentumtípus: | Diplomadolgozat |
| Kulcsszavak: | Hotelstars Union minősítés piaci pozíció szállodaipar turizmus |
| Online Access: | http://dolgozattar.uni-bge.hu/59784 |
MARC
| LEADER | 00000nta a2200000 i 4500 | ||
|---|---|---|---|
| 001 | dolg59784 | ||
| 005 | 20260409145548.0 | ||
| 008 | 260409suuuu hu om 000 hun d | ||
| 040 | |a BGE Dolgozattár Repozitórium |b hun | ||
| 041 | |a hu | ||
| 100 | 1 | |a Markos Kata | |
| 245 | 1 | 2 | |a A Hotelstars Union hatása a ROOMbach Hotel Budapest Center példáján keresztül |c Markos Kata |h [elektronikus dokumentum] |
| 520 | 3 | |a A szakdolgozatomban a Hotelstars Union minősítés jelentőségét és a szállodaiparban betöltött szerepét elemzem egy esettanulmány formájában, amely a ROOMbach Hotel Budapest Centerről szól. Kutatásom során részletesen bemutatom a szálloda működését, szervezeti felépítését és stratégiai fejlesztéseit. A kutatás célja feltárni, hogy miként járulhat hozzá a Hotelstars Union minősítési rendszer a szállodák szolgáltatási színvonalának emeléséhez, a vendégek bizalmának növeléséhez, valamint a szálloda márkaértékének erősítéséhez. Emellett a dolgozat vizsgálja a minősítési rendszer kritériumainak gyakorlati alkalmazását és azok hatását a szálloda piaci pozíciójára, a költségek és megtérülés összefüggéseire. | |
| 695 | |a Hotelstars Union | ||
| 695 | |a minősítés | ||
| 695 | |a piaci pozíció | ||
| 695 | |a szállodaipar | ||
| 695 | |a turizmus | ||
| 700 | 1 | |a Fábián Tamás Zoltán |e ths | |
| 856 | 4 | 0 | |u http://dolgozattar.uni-bge.hu/59784/1/Markos_Kata_Szakdolgozat.pdf |z Dokumentum-elérés |
| 856 | 4 | 0 | |u http://dolgozattar.uni-bge.hu/59784/2/B%C3%ADr%C3%A1lati%20lap_Markos%20Kata-Opponens_Csab%C3%A1n%C3%A9%20Budea_2025.pdf |z Dokumentum-elérés |
| 856 | 4 | 0 | |u http://dolgozattar.uni-bge.hu/59784/3/Markos%20Kata_BA_magyar_F%C3%A1bi%C3%A1n%20Tam%C3%A1s_konzulensi.pdf |z Dokumentum-elérés |